|
|
|
|
| LEADER |
00000cam a2200000 7i4500 |
| 001 |
0000024879 |
| 005 |
20130826.0 |
| 008 |
180713 my # may |
| 020 |
|
|
|a 9789678920117 ,
|c RM79.50
|
| 040 |
|
|
|a INS
|
| 090 |
0 |
0 |
|a KPG3800
|b M64 2008
|
| 100 |
1 |
|
|a Mohamad Shariff Bin Hj. Abu Samah
|c Dato', .
|
| 245 |
1 |
0 |
|a Alman :
|b uUdang-Undang Jenayah di Malaysia
|c Dato Hj. Mohamad Shariff Bin Hj. Abu Samah dan Datin Hjh. Asidah Binti Hj. Mohd Ali
|
| 260 |
|
|
|a Selangor :
|b International Book Services ,
|c 2008
|
| 300 |
|
|
|a xlix,630ms ;
|c 23cm.
|
| 500 |
|
|
|a mengandungi indeks
|
| 650 |
|
0 |
|a Criminal law
|z Malaysia
|
| 700 |
0 |
|
|a Asidah Binti Hj. Mohd Al
|
| 999 |
|
|
|a 1000001184
|b BOOK
|c Open Shelf
|e Default branch
|